| 000 | 00646nam a2200169 4500 | ||
|---|---|---|---|
| 008 | 030918s2000 enkfh 000 0 eng | ||
| 020 | _a1857925114 : USD10.48. | ||
| 090 |
_aBV3415 _bG51 _b2000 |
||
| 100 | 1 |
_aGlover, Archibald Edward, _d1860?- [from old catalog] |
|
| 245 | 1 | 2 | _aA thousand miles of miracle in China, |
| 250 | _aCentenary ed. | ||
| 260 |
_aKent : _bOMF Publishing, _c2000. |
||
| 300 |
_a6 p.l., 372 p. _bfront., plates, facsims. _c19 cm. |
||
| 650 | 4 |
_aMissions _zChina. [from old catalog] |
|
| 651 | 4 |
_aChina _xHistory _yBoxer Rebellion, 1899-1901. |
|
| 951 |
_p26472 _x00025449 _oBV3415/G51/2000 _j070613111312937 _d2000-12-21 _cSP-C GC |
||
| 999 |
_c17009 _d17009 |
||